| Tag |
First Indicator |
Second Indicator |
Subfields |
| LEADER |
00000cam a2200000Ii 4500 |
| 001 |
in00003854708 |
| 005 |
20171016141103.0 |
| 008 |
170325s2017 enka b 001 0 eng d |
| 020 |
|
|
|a 9781783208128
|
| 020 |
|
|
|a 1783208120
|
| 035 |
|
|
|a (OCoLC)ocn979568226
|
| 040 |
|
|
|a BTCTA
|b eng
|c BTCTA
|d BDX
|d YDX
|d CDX
|d UtOrBLW
|
| 049 |
|
|
|a TXAM
|
| 050 |
|
4 |
|a P92.A76
|b M395 2017
|
| 100 |
1 |
|
|a McCallum, Kerry,
|e author.
|0 http://id.loc.gov/authorities/names/no2001013122
|
| 245 |
1 |
4 |
|a The dynamics of news and Indigenous policy in Australia /
|c Kerry McCallum and Lisa Waller.
|
| 264 |
|
1 |
|a Bristol, UK ;
|a Chicago :
|b Intellect,
|c 2017.
|
| 300 |
|
|
|a x, 318 pages :
|b illustrations ;
|c 24 cm.
|
| 336 |
|
|
|a text
|b txt
|2 rdacontent
|
| 337 |
|
|
|a unmediated
|b n
|2 rdamedia
|
| 338 |
|
|
|a volume
|b nc
|2 rdacarrier
|
| 504 |
|
|
|a Includes bibliographical references (pages [277]-308) and index.
|
| 650 |
|
0 |
|a Aboriginal Australians and mass media.
|0 http://id.loc.gov/authorities/subjects/sh2006004705
|
| 651 |
|
0 |
|a Australia
|x Cultural policy.
|
| 700 |
1 |
|
|a Waller, Lisa,
|e author.
|0 http://id.loc.gov/authorities/names/nb2010019540
|
| 945 |
|
|
|b 203707
|
| 947 |
|
|
|a A14850123093
|
| 948 |
|
|
|a cataloged
|b h
|c 2017/8/24
|d c
|e dmitchel
|f 11:20:10 am
|
| 994 |
|
|
|a 92
|b TXA
|
| 999 |
f |
f |
|s 995ffcd7-d3a3-3b5c-8d74-cc41fc5c2943
|i b963c839-4033-3a03-b526-8ccf18960a21
|t 0
|
| 952 |
f |
f |
|p normal
|a Texas A&M University
|b College Station
|c Sterling C. Evans Library
|d Evans: Library Stacks
|t 0
|e P92.A76 M395 2017
|h Library of Congress classification
|i unmediated -- volume
|m A14850123093
|
| 998 |
f |
f |
|a P92.A76 M395 2017
|t 0
|l Evans: Library Stacks
|